La alquimia / (Record no. 183144)

MARC details
000 -LEADER
campo de control de longitud fija 00783nam a2200241 i 4500
001 - NÚMERO DE CONTROL
campo de control 183144
003 - IDENTIFICADOR DE NÚMERO DE CONTROL
campo de control ES-MaACL
005 - FECHA Y HORA DE LA ÚLTIMA TRANSACCIÓN
campo de control 20250824204724.0
008 - DATOS DE LONGITUD FIJA--INFORMACIÓN GENERAL
campo de control de longitud fija 140127s1974 sp |||| | spa d
020 ## - NÚMERO INTERNACIONAL ESTÁNDAR DEL LIBRO
Número Internacional Estándar del Libro 84-02-00672-8
080 ## - NÚMERO DE LA CLASIFICACIÓN DECIMAL UNIVERSAL
Número de la Clasificación Decimal Universal 133.5:54(091)
080 ## - NÚMERO DE LA CLASIFICACIÓN DECIMAL UNIVERSAL
Número de la Clasificación Decimal Universal 54:133.5(091)
100 1# - ENTRADA PRINCIPAL--NOMBRE DE PERSONA
Nombre de persona Federmann, Reinhard.
9 (RLIN) 154268
245 13 - MENCIÓN DEL TÍTULO
Título La alquimia /
Mención de responsabilidad, etc. Reinhard Federmann.
250 ## - MENCION DE EDICION
Mención de edición [2º ed.].
260 ## - PUBLICACIÓN, DISTRIBUCIÓN, ETC.
Lugar de publicación, distribución, etc. Barcelona :
Nombre del editor, distribuidor, etc. Bruguera,
Fecha de publicación, distribución, etc. [1974]
300 ## - DESCRIPCIÓN FÍSICA
Extensión 322 p., 7 h. ;
Dimensiones 18 cm.
490 1# - MENCIÓN DE SERIE
Mención de serie Libro Amigo ;
Designación de volumen o secuencia v. 217. Serie Enigmas del Universo, v. 11
650 #4 - PUNTO DE ACCESO ADICIONAL DE MATERIA--TÉRMINO DE MATERIA
Término de materia o nombre geográfico como elemento de entrada Alquimia.
9 (RLIN) 9742
830 00 - PUNTO DE ACCESO ADICIONAL DE SERIE-TÍTULO UNIFORME
Título uniforme Libro amigo (Bruguera)
Designación de volumen o secuencia v. 217. Serie Enigmas del Universo, v. 11
9 (RLIN) 220624
852 ## - LOCALIZACIÓN
Ubicación ES-MaACL
Número de control de estantería L-29955
Nota libre .- Donat. Miguel A. Velasco
Holdings
Estatus retirado Estado de pérdida Estado de daño No para préstamo Biblioteca de origen Biblioteca actual Ubicación en estantería Fecha de adquisición Fuente de adquisición Total de préstamos Signatura topográfica completa Código de barras Visto por última vez Precio de reemplazo Tipo de ítem Koha
        Biblioteca del Ateneo de Madrid Biblioteca del Ateneo de Madrid Depósito 2 27/01/2014     L-29955 1192489 23/02/2023 23/02/2023 Libro impreso